[Event "San Francisco TNM Jay Whitehead op"]
[Site "San Francisco"]
[Date "2014.09.23"]
[Round "8"]
[White "Jaffray, John W"]
[Black "Rosenstein, Perry B"]
[Result "1-0"]
[WhiteElo "1997"]
[BlackElo "1767"]
[PlyCount "95"]
[EventDate "2014.08.05"]
[EventType "swiss"]
[EventRounds "9"]
[EventCountry "USA"]
[SourceTitle "EXT 2016"]
[Source "ChessBase"]
[SourceDate "2015.10.08"]
[SourceVersion "1"]
[SourceVersionDate "2015.10.08"]
[SourceQuality "1"]

1. e4 c5 2. Nf3 d6 3. d4 cxd4 4. Nxd4 Nf6 5. Nc3 g6 6. Be2 Bg7 7. 0-0 0-0 8. Be3 Nc6 9. h3 Bd7 10. Qd2 Re8 11. Nb3 a5 12. a4 Nb4 13. Nd4 Rc8 14. Bf3 e6 15. Rfc1 Bc6 16. Nxc6 bxc6 17. Bg5 Qc7 18. Bf4 Rcd8 19. Rd1 e5 20. Bg5 Rd7 21. Rac1 d5 22. Bxf6 Bxf6 23. exd5 e4 24. d6 Bxc3 25. bxc3 Qb8 26. Bg4 f5 27. Be2 Nd5 28. c4 e3 29. Qd4 exf2+ 30. Kxf2 Ne3 31. Rd3 f4 32. Bf3 Nf5 33. Qc5 Qb2 34. Rcd1 Qxc2+ 35. R3d2 Qc3 36. Rd3 Qc2+ 37. R3d2 Qc3 38. Kg1 Qe3+ 39. Qxe3 fxe3 40. Re2 Ng3 41. Ree1 Red8 42. c5 e2 43. Bxe2 Nxe2+ 44. Rxe2 Rb8 45. Rde1 Kf7 46. Re7+ Rxe7 47. Rxe7+ Kg8 48. Rc7 1-0

[Event "San Francisco TNM Jay Whitehead op"]
[Site "San Francisco"]
[Date "2014.09.02"]
[Round "5"]
[White "Jaffray, John W"]
[Black "Vickers, Keith"]
[Result "1/2-1/2"]
[WhiteElo "1997"]
[BlackElo "2200"]
[PlyCount "69"]
[EventDate "2014.08.05"]
[EventType "swiss"]
[EventRounds "9"]
[EventCountry "USA"]
[SourceTitle "EXT 2016"]
[Source "ChessBase"]
[SourceDate "2015.10.08"]
[SourceVersion "1"]
[SourceVersionDate "2015.10.08"]
[SourceQuality "1"]

1. e4 d5 2. exd5 Qxd5 3. Nc3 Qa5 4. d4 Nf6 5. Nf3 c6 6. Bd3 Bg4 7. h3 Bh5 8. g4 Bg6 9. Ne5 Nbd7 10. Qe2 Nxe5 11. dxe5 Nd5 12. Bd2 Nxc3 13. Bxc3 Qd5 14. 0-0-0 Bxd3 15. Qxd3 Qxd3 16. Rxd3 Rd8 17. Rhd1 Rxd3 18. Rxd3 e6 19. Kd2 Be7 20. Bd4 b6 21. Be3 h5 22. g5 0-0 23. Ke2 Rd8 24. Rxd8+ Bxd8 25. Kf3 Kh7 26. Ke4 Kg6 27. f4 Kh7 28. a4 Kg8 29. c4 Kf8 30. Bd4 Ke8 31. b3 Kd7 32. b4 g6 33. b5 Be7 34. Bc3 Bc5 35. Bb2 1/2-1/2

[Event "San Francisco TNM Spring op"]
[Site "San Francisco"]
[Date "2012.04.10"]
[Round "5"]
[White "Jaffray, John W"]
[Black "Delmonico, Nils"]
[Result "0-1"]
[WhiteElo "2034"]
[BlackElo "1908"]
[PlyCount "78"]
[EventDate "2012.03.13"]
[EventType "swiss"]
[EventRounds "8"]
[EventCountry "USA"]
[SourceTitle "EXT 2014"]
[Source "ChessBase"]
[SourceDate "2013.11.20"]
[SourceVersion "1"]
[SourceVersionDate "2013.11.20"]
[SourceQuality "1"]

1. e4 c5 2. Nf3 e6 3. d4 cxd4 4. Nxd4 a6 5. Be3 Nf6 6. Bd3 Qc7 7. 0-0 d5 8. exd5 Nxd5 9. Bg5 Bd6 10. Qh5 Nc6 11. Nxc6 Qxc6 12. Nd2 Bd7 13. Rae1 Nf4 14. Bxf4 Bxf4 15. Nf3 g6 16. Qh4 Qc7 17. Qf6 0-0 18. Ng5 Bxg5 19. Qxg5 Qb6 20. b3 Rac8 21. Re3 Rc5 22. Qf6 Qd8 23. Qd4 Qe7 24. c4 Rd8 25. b4 Rc7 26. Qb2 Bc6 27. b5 axb5 28. cxb5 Bd5 29. a4 b6 30. a5 bxa5 31. b6 Rb7 32. Ba6 Rbb8 33. Rb1 Qd6 34. Rc3 Be4 35. Re1 Rxb6 36. Qe2 Bxg2 37. Bb5 Bb7 38. Rd3 Bd5 39. Rc3 Qf4 0-1

[Event "San Francisco TNM Spring op"]
[Site "San Francisco"]
[Date "2012.03.20"]
[Round "8"]
[White "Graham, Ryan"]
[Black "Jaffray, John W"]
[Result "0-1"]
[WhiteElo "1284"]
[BlackElo "2034"]
[PlyCount "50"]
[EventDate "2012.03.13"]
[EventType "swiss"]
[EventRounds "8"]
[EventCountry "USA"]
[SourceTitle "EXT 2014"]
[Source "ChessBase"]
[SourceDate "2013.11.20"]
[SourceVersion "1"]
[SourceVersionDate "2013.11.20"]
[SourceQuality "1"]

1. e4 c5 2. Nf3 g6 3. d4 cxd4 4. Nxd4 Nf6 5. Nc3 Nc6 6. Be3 Bg7 7. Bc4 0-0 8. Bb3 Qa5 9. f3 Nxd4 10. Bxd4 b5 11. Qd2 b4 12. Na4 Qb5 13. 0-0-0 d6 14. g4 Be6 15. Bxe6 fxe6 16. b3 Nd7 17. Bxg7 Kxg7 18. Qg2 Nb6 19. Nb2 a5 20. h4 a4 21. h5 axb3 22. hxg6 bxa2 23. Rxh7+ Kxg6 24. Qh3 Qg5+ 25. Rd2 a1Q# 0-1

[Event "San Francisco TNM Winter op"]
[Site "San Francisco"]
[Date "2009.02.17"]
[Round "7"]
[White "Gaffagan, Steven"]
[Black "Jaffray, John W"]
[Result "1/2-1/2"]
[WhiteElo "2037"]
[BlackElo "1977"]
[PlyCount "108"]
[EventDate "2009.01.06"]
[EventType "swiss"]
[EventRounds "8"]
[EventCountry "USA"]
[SourceTitle "EXT 2012"]
[Source "ChessBase"]
[SourceDate "2011.11.24"]
[SourceVersion "1"]
[SourceVersionDate "2011.11.24"]
[SourceQuality "1"]

1. c4 e5 2. Nc3 Nc6 3. g3 g6 4. Bg2 Bg7 5. d3 Nge7 6. Rb1 d6 7. b4 0-0 8. e3 f5 9. b5 Nb8 10. Nge2 Nd7 11. 0-0 Nf6 12. Bd2 c6 13. bxc6 bxc6 14. Qa4 Qc7 15. Rb2 Bd7 16. Rfb1 Rab8 17. Qc2 Be6 18. Na4 Nd7 19. d4 Rxb2 20. Rxb2 Rb8 21. Rb3 Rxb3 22. axb3 Qb7 23. dxe5 dxe5 24. Bc3 Qb8 25. Nc1 Qd6 26. Qd2 Qxd2 27. Bxd2 e4 28. Ne2 c5 29. f3 exf3 30. Bxf3 Ne5 31. Bg2 Nd7 32. Nac3 Nb6 33. Bc1 Nec8 34. Ba3 Bf8 35. Nf4 Bf7 36. Nfd5 Be6 37. Nf4 Bf7 38. Kf2 a5 39. Nd3 a4 40. bxa4 Bxc4 41. Nxc5 Bg7 42. Bb4 Ne7 43. a5 Nbd5 44. Nxd5 Nxd5 45. Bd2 Bf8 46. Ne6 Be7 47. Nd4 Bc5 48. Bf1 Bxf1 49. Kxf1 Kf7 50. Ke2 Ke7 51. Nb3 Ba7 52. Kd3 Kd6 53. Nd4 Nc7 54. Kc4 Bc5 1/2-1/2